| 000 | 00615nam a2200145Ia 4500 | ||
|---|---|---|---|
| 008 | 140724s9999 xx 000 0 und d | ||
| 050 |
_aHF 5549 _b.B614 2013 |
||
| 100 | _aBinua, Ana Ekaraterina C. | ||
| 245 |
_aStress management of students in Bachelor of Science in Business Administration Major in Human Resource Management of Southville International School and Colleges / _cAna Ekaterina C. Binua. |
||
| 260 |
_aLas PiƱas, Philippines : _bSouthville International School and Colleges, _cc2013. |
||
| 300 |
_a110 p. : _bill. ; _c28 cm. |
||
| 521 | _aHuman Resource Management | ||
| 942 | _cTH | ||
| 999 |
_c229174 _d229174 |
||